[Event "7th Sinquefield Cup GCT 2019"]
[White "Caruana, Fabiano"]
[Black "Anand, Viswanathan"]
[Site "Saint Louis"]
[Round "8.1"]
[Annotator "TA"]
[Result "1/2-1/2"]
[Date "2019.08.25"]
[WhiteElo "2818"]
[BlackElo "2756"]
[PlyCount "88"]

1. d4 {} Nf6 2. c4 e6 3. Nf3 d5 4. Nc3 Be7 5. Bf4 0-0 6. e3 b6 7. cxd5 Nxd5 8. Nxd5 {D37: Queen's Gambit Declined: 5 Bf4} Qxd5 9. a3 (9. Bd3 Qa5+ 10. Kf1 Ba6 11. Bxc7 Bxd3+ 12. Qxd3 Na6 13. Bg3 Nb4 14. Qe2 Rfc8 15. a3 Qa4 {
0-1 (54) Caruana,F (2832)-Nakamura,H (2746) London 2018} )Ba6 10. Bxa6 Nxa6 11. b4 Bd6 12. Bg3 Nb8 13. Qd3 {[#]} b5 $146 ({Predecessor:} 13... f5 14. 0-0 Nd7 15. Qa6 Nb8 {1/2-1/2 (41) Alexandrov,A (2630)-Boensch,U (2547) Saint
Vincent 2005} )14. e4 Qb7 15. d5 exd5 16. e5 Be7 17. Nd4 a5 18. Nf5 Re8 19. Nxe7+ Rxe7 20. 0-0 $1 Nd7 21. Qc3 axb4 22. axb4 Rc8 (22... Rxa1 $17 23. Rxa1 Re8 )23. Rfc1 c6 (23... Ree8 $15 )24. f4 $1 $11 f6 25. Bf2 {[#] Ra7 is the
strong threat.} Qc7 {} 26. Ra7 Qd8 27. Qh3 {Strongly threatening
Bc5.} fxe5 28. fxe5 Rc7 {White must now prevent ...Rxa7.} 29. Ra3 Nxe5 (29... Qc8 $11 )30. Bb6 $36 { Black is under pressure.} Qc8 {[#] Hoping
for ...Qxh3.} 31. Bxc7 Qxh3 $1 32. Rxh3 Rxc7 { Endgame KRR-KRN} 33. Re1 Nc4 34. Rf3 {} h6 35. Re6 c5 36. bxc5 Rxc5 37. h4 Nd2 38. Rd3 Ne4 39. Rb6 { White has compensation.} Kh7 40. g4 Rc1+ {The
position is equal.} 41. Kg2 Rc2+ 42. Kg1 Rc1+ 43. Kg2 Rc2+ 44. Kg1 Rc1+ {
Accuracy: White = 66%, Black = 58%.} 1/2-1/2

[Event "7th Sinquefield Cup GCT 2019"]
[White "Carlsen, Magnus"]
[Black "Ding, Liren"]
[Site "Saint Louis"]
[Round "8.2"]
[Annotator "TA"]
[Result "1/2-1/2"]
[Date "2019.08.25"]
[WhiteElo "2882"]
[BlackElo "2805"]
[PlyCount "84"]

1. d4 {} Nf6 2. c4 e6 3. Nc3 Bb4 4. Nf3 0-0 5. Bg5 c5 6. Rc1 h6 {E21: Nimzo-Indian: 4 Nf3} 7. Bh4 cxd4 8. Nxd4 d5 9. cxd5 g5 10. Bg3 Qxd5 $1 11. e3 Qxa2 12. Qc2 Nd5 13. h4 Nxc3 14. bxc3 $146 ({Predecessor:} 14. hxg5 )Qxc2 15. Rxc2 Be7 $1 16. hxg5 hxg5 17. f4 Nc6 18. fxg5 Bxg5 19. Rh5 f6 20. Nf3 Bxe3 21. Re2 Bc1 22. Re4 $1 {} e5 23. Bc4+ Kg7 {[#]
White must now prevent ...Rh8.} 24. Reh4 Kg6 $1 25. Rh7 Bg4 26. Bd3+ f5 $1 ({
Not} 26... Bf5 27. R4h5 Bg5 28. Nh4+ Bxh4 29. Bxf5# )27. Nxe5+ Nxe5 28. Bxe5 {
 [#]} Kg5 29. g3 {} (29. Rh1 $5 {
} Rg8 30. Bd4 $14 (30. Rxb7 Rae8 $15 ))Rg8 {Threatens to win with ...
Rae8.The position is equal.} 30. Rxb7 {With the idea Bd4.} Rae8 31. Rb5 Rg6 {
Hoping for ...Rge6.} 32. Kf2 Rb6 $132 { Strongly threatening ...
Rxb5. Black has counterplay} 33. Rxb6 axb6 34. Rh1 Rxe5 35. Rxc1 $11 { Endgame KRB-KRB} f4 36. gxf4+ Kxf4 37. Rb1 Rc5 38. Rb4+ Kg5 39. Rxb6 Rxc3 40. Ke3 Bf5 41. Rd6 $1 Rxd3+ 42. Rxd3 Bxd3 {Accuracy: White = 86%, Black = 95%.
} 1/2-1/2

[Event "7th Sinquefield Cup GCT 2019"]
[White "Karjakin, Sergey"]
[Black "Vachier-Lagrave, Maxime"]
[Site "Saint Louis"]
[Round "8.3"]
[Annotator "TA"]
[Result "1-0"]
[Date "2019.08.25"]
[WhiteElo "2750"]
[BlackElo "2778"]
[PlyCount "101"]

1. d4 {} Nf6 2. c4 g6 3. Nc3 d5 4. cxd5 Nxd5 5. e4 Nxc3 6. bxc3 Bg7 7. Bc4 c5 8. Ne2 Nc6 9. Be3 0-0 10. 0-0 b6 11. dxc5 {D87:
Exchange Grünfeld: Classical Line: Variations without ...cxd4} (11. Rc1 Bb7 12. Qd2 e6 13. Rfd1 Rc8 14. f3 cxd4 15. cxd4 Qd6 16. Bh6 Bxh6 17. Qxh6 Na5 18. Bd3 Rxc1 19. Qxc1 {1/2-1/2 (50) Nakamura,H (2746)-Vachier Lagrave,M (2781) London
2018} )Qc7 12. Nd4 Ne5 13. Nb5 {White is slightly better.} Qb8 14. Bd5 Ng4 {} 15. g3 Nxe3 16. fxe3 {Hoping for Bxf7+!} a6 17. Nd4 {Threatens to win with Nc6.} bxc5 (17... Bh3 $11 )18. Rb1 $36 {
White fights for an advantage.} Qa7 $146 ({Predecessor:} 18... Qc7 19. Bxa8 cxd4 20. cxd4 {1/2-1/2 (28) Bluebaum,M (2413)-Colpe,M (2208) playchess.com INT
2012} )19. Nc6 Qc7 {[#] next ...Bh3 is good for Black.} 20. Nxe7+ $1 { Discovered Attack} Qxe7 21. Bxa8 {Black must now prevent Bd5.} Bh3 22. Bd5 {Rb7 is the strong threat.} Bxf1 23. Qxf1 Bxc3 24. Qxa6 Qg5 25. Qe2 Kh8 26. Kg2 f5 27. Qd3 Be5 28. Rf1 Kg7 29. exf5 Rxf5 30. a4 Rxf1 31. Kxf1 Bd4 32. Bc4 $1 ({
Much weaker is} 32. exd4 $6 Qxd5 33. a5 cxd4 $11 )Bxe3 $2 {} (32... Qf6+ $16 33. Kg1 Bc3 )33. Qd7+ $18 Kh6 34. Qh3+ Kg7 35. Qe6 $1 { And now Qf7+ would win.} Bd4 36. Qf7+ Kh6 {[#]} 37. a5 $1 {} Bf6 38. Kg2 Qd2+ 39. Kh3 Qg5 {[#]} 40. Qf8+ $1 Bg7 41. Qf3 {
aiming for a6.} Bd4 42. a6 {White wants to mate with a7.} Qe7 43. Qa8 Bf6 44. a7 Qd7+ 45. g4 Qe7 46. Qf3 {White mates.} Qxa7 47. Qxf6 Qa3+ {[#]} 48. Bd3 $1 {
} Qxd3+ 49. Kh4 {} Qd4 50. Qf8+ Qg7 51. g5# {Accuracy: White = 96%, Black = 45%.} 1-0

[Event "7th Sinquefield Cup GCT 2019"]
[White "Nepomniachtchi, Ian"]
[Black "Aronian, Levon"]
[Site "Saint Louis"]
[Round "8.4"]
[Annotator "TA"]
[Result "1-0"]
[Date "2019.08.25"]
[WhiteElo "2774"]
[BlackElo "2765"]
[PlyCount "107"]

1. e4 {} e5 2. Nf3 Nc6 3. Bc4 Nf6 4. d3 Bc5 5. 0-0 d6 6. c3 a6 7. Re1 Ba7 8. Bb3 0-0 9. h3 Re8 {C54: Giuoco Piano: 4 c3 Nf6,
main lines with 5 d4 and 5 d3} 10. Nbd2 Be6 11. Ba4 (11. Nf1 Bxb3 12. Qxb3 Rb8 13. Ng3 Qd7 14. Nh4 Kh8 15. Nhf5 Qe6 16. Be3 Qxb3 17. axb3 {1/2-1/2 (28)
Ragger,M (2701)-Aronian,L (2765) Germany 2019} )b5 {The position is
equal.} 12. Bc2 h6 $146 ({Predecessor:} 12... Ne7 13. Nf1 Ng6 {1-0 (49) Zizek,
R (1145)-Meglic,E (1545) Ptuj 2017} )13. Nf1 d5 14. exd5 Bxd5 15. Ng3 Nh7 16. a4 Nf8 17. b4 Ng6 18. Be3 Bxe3 19. fxe3 Qd7 20. Nd2 Nce7 21. Nb3 Qc6 22. Qd2 Nh4 {} 23. e4 Qg6 (23... Bxb3 $14 24. Bxb3 Rad8 )24. Kh2 $16 Bc6 25. Nc5 f5 26. exf5 Nexf5 27. Nge4 Bd5 28. Re2 Rad8 (28... a5 $142 )29. Rf1 Nd6 {...Nxe4 would now be nice for Black.} 30. Qe1 ({White should play} 30. d4 $1 $18 Nxe4 31. Nxe4 )Nhf5 (30... Nxe4 $16 {is a better defense.} 31. dxe4 (31. Nxe4 Nf5 $16 )Bc4 )31. a5 Rf8 32. Ref2 Rf7 33. Rf3 (33. Nxa6 Nxe4 34. dxe4 Qg3+ 35. Kg1 Ne3 $11 )h5 34. Nxa6 h4 35. Nac5 Rdf8 36. Kg1 Qh6 37. Qc1 Ne3 {aiming for ...Rxf3.} 38. Rxf7 Rxf7 39. Rxf7 Kxf7 40. Qe1 $2 (40. Bb3 $18 )Nxc2 41. Qf2+ { Double Attack} Ke8 {Hoping for ...Qc1+.} 42. Qxc2 Bxe4 43. Nxe4 Nxe4 44. dxe4 { Endgame KQ-KQ} Qe3+ $1 45. Kf1 Qf4+ $2 {[#]} (45... Kd7 $1 $14 )46. Qf2 $1 $18 { And now Qxf4
would win.} Qc1+ 47. Qe1 Qf4+ 48. Kg1 {a6 is the strong threat.} Kd8 $2 (48... Kd7 49. a6 Kc6 )49. Qf2 (49. a6 $142 )Qc1+ 50. Kh2 {Strongly threatening
a6.} Qxc3 {[#]} (50... Kc8 $142 51. a6 (51. Qxh4 Qxc3 52. a6 Kb8 $18 )Kb8 52. Qf8+ { Double Attack} (52. Qxh4 Qxc3 53. Qh8+ Ka7 $18 )Ka7 53. Qc5+ { Double Attack} (53. Qxg7 Qxc3 54. Qg6 c6 $11 )Kxa6 54. Qc6+ (54. Qxc7 Qf4+ { Double Attack} 55. Kh1 Qc1+ 56. Kh2 Qf4+ {
 Double Attack} 57. Kg1 Qe3+ 58. Kf1 Qd3+ 59. Kg1 Qe3+ 60. Kf1 Qd3+ 61. Kg1 Qe3+ $11 )(54. Qxe5 c6 $11 )Ka7 55. Qxc7+ { Double
Attack} Ka8 56. Qa5+ (56. Qxg7 Qf4+ { Double Attack} 57. g3 Qf2+ 58. Kh1 hxg3 $11 )Kb7 57. Qxb5+ { Double Attack} Ka7 58. Qxe5 Ka6 )51. a6 $1 Ke8 52. Qxh4 Qa3 53. Qh5+ { Double Attack} Kf8 54. Qf3+ {
Accuracy: White = 75%, Black = 28%.} 1-0

[Event "7th Sinquefield Cup GCT 2019"]
[White "Nakamura, Hikaru"]
[Black "So, Wesley"]
[Site "Saint Louis"]
[Round "8.5"]
[Annotator "TA"]
[Result "1/2-1/2"]
[Date "2019.08.25"]
[WhiteElo "2743"]
[BlackElo "2776"]
[PlyCount "58"]

1. d4 {} Nf6 2. c4 e6 3. Nf3 d5 4. Nc3 Be7 5. Bf4 0-0 6. e3 b6 7. Rc1 Bb7 8. cxd5 {D37: Queen's Gambit Declined: 5 Bf4
} Nxd5 9. Nxd5 Qxd5 10. a3 c5 11. Bc4 Qd8 12. 0-0 Bf6 $146 ({Predecessor:} 12... Nd7 13. dxc5 bxc5 14. Qe2 Nf6 15. Ne5 Qb6 {1-0 (53) Lupulescu,C (2643)
-Szabo,G (2548) Calimanesti 2014} )13. dxc5 (13. Ne5 {is more complex.} Nc6 14. Nxc6 Bxc6 15. Bd3 Qd7 16. Qc2 )Bxb2 14. Rb1 Qxd1 15. Rfxd1 Bxa3 16. Bd6 Bxf3 17. gxf3 Rc8 18. cxb6 {The position is equal.} axb6 19. Bxa3 Rxa3 20. Rxb6 Rc3 21. Rbd6 {[#] White wants to mate with Rd8+.} Kf8 22. Rd8+ Rxd8 23. Rxd8+ Ke7 24. Rxb8 {Strongly threatening Bf1.} Rxc4 $11 {KR-KR} 25. f4 Rc7 26. Ra8 Rd7 27. Rb8 Rc7 28. Ra8 Rd7 29. Rb8 Rc7 {Accuracy: White = 86%, Black = 68%.} 1/2-1/2

[Event "7th Sinquefield Cup GCT 2019"]
[White "Mamedyarov, Shakhriyar"]
[Black "Giri, Anish"]
[Site "Saint Louis"]
[Round "8.6"]
[Annotator "TA"]
[Result "1/2-1/2"]
[Date "2019.08.25"]
[WhiteElo "2764"]
[BlackElo "2779"]
[PlyCount "57"]

1. d4 {} d5 2. c4 c6 3. Nc3 Nf6 4. Nf3 e6 5. Bg5 h6 6. Bxf6 Qxf6 7. e3 g6 8. Ne5 {D43: Semi-Slav: 5 Bg5 h6} (8. Be2 Bg7 9. 0-0 0-0 10. Rc1 Nd7 11. cxd5 exd5 12. b4 a6 13. a4 Qd6 14. b5 axb5 15. axb5 Nb6 {1/2-1/2 (45) Wojtaszek,R (2749)-Vitiugov,N (2709) Shenzhen 2018} )Bg7 9. f4 Nd7 {} 10. h4 $146 {White has an edge.} ({
Predecessor:} 10. Qf3 Nxe5 11. fxe5 Qe7 12. 0-0-0 Bd7 13. e4 dxc4 14. Bxc4 Qb4 15. Qd3 0-0-0 16. Kb1 {1/2-1/2 (16) Cebrian Valverde,J (2137)-Moreno Gracia,D 
(2318) Aragon 2017} )Qe7 11. Qc2 0-0 12. 0-0-0 Nxe5 13. fxe5 Bd7 14. g4 f6 15. Qxg6 {Threatens to win with Bd3.} fxe5 16. Bd3 {Qh7+ would kill now.} e4 17. Nxe4 $1 Be8 18. Nf6+ $1 Rxf6 19. Qh7+ Kf8 20. g5 hxg5 21. hxg5 Rf7 22. Qh3 {[#]} (22. Rhg1 $11 e5 23. g6 )Rd8 ({Don't play} 22... Qxg5 $6 23. Rdg1 $11 )({Black should play} 22... dxc4 $1 $17 23. Bxc4 c5 24. Bxe6 {[#]} cxd4 $1 {} 25. Bxf7 Bxf7 26. exd4 Qe4 )23. g6 $11 {The position is equal.} Rf6 {[#]} 24. Qh8+ $1 {} Bxh8 25. Rxh8+ Kg7 26. Rh7+ Kf8 {And now ...
Qb4 would win.} 27. Rh8+ Kg7 28. Rh7+ Kf8 {aiming for ...Qb4.} 29. Rh8+ {
Accuracy: White = 56%, Black = 79%.} 1/2-1/2

[Event "7th Sinquefield Cup GCT 2019"]
[White "Ding, Liren"]
[Black "Caruana, Fabiano"]
[Site "Saint Louis"]
[Round "9.1"]
[Annotator "TA"]
[Result "1-0"]
[Date "2019.08.26"]
[WhiteElo "2805"]
[BlackElo "2818"]
[PlyCount "113"]

1. d4 {} Nf6 2. c4 e6 3. Nf3 d5 4. Nc3 Be7 5. Bf4 0-0 6. e3 b6 7. Bd3 dxc4 {D37: Queen's
Gambit Declined: 5 Bf4} 8. Bxc4 Ba6 9. Bxa6 Nxa6 {The position is equal.} 10. Qe2 Qc8 11. 0-0 Qb7 12. a3 c5 13. Nb5 {[#]} Rac8 $146 ({Predecessor:} 13... Ne4 14. Rac1 Rac8 15. Ne5 {1/2-1/2 (23) Carlsen,M (2835)-Nakamura,H (2746) St
Petersburg 2018} )14. b4 Nd5 15. bxc5 bxc5 16. Rab1 Rc6 17. Be5 Rb6 18. a4 {
} Nac7 19. dxc5 Bxc5 20. Rbc1 Nxb5 21. Rxc5 Nd6 22. a5 Rc6 23. Bxd6 Rxd6 24. Rfc1 h6 25. h3 Rfd8 26. Ne5 Nf6 27. Nc6 {Threatens to
win with a6.} R8d7 28. a6 Qb6 29. Ne5 Rd8 30. Rc8 Qa5 31. f4 Rd2 ({Black
should play} 31... Nd7 $11 )32. Qf3 {Strongly threatening Qb7.} R2d5 $1 33. R1c7 $36 { White has some pressure.} (33. Rxd8+ $16 Qxd8 34. Rb1 )Kh7 (33... Qxa6 $5 {} 34. Rxd8+ Rxd8 $16 )34. Kh2 $1 Rxc8 35. Rxc8 Qxa6 36. Ra8 (36. Rf8 $14 Nd7 37. Nxd7 Rxd7 38. Qe4+ f5 39. Rxf5 $1 {
} )Qb7 $11 37. Rf8 Rb5 (37... Qb4 $1 $11 38. Rxf7 Qb1 )38. Qf1 $1 $16 (38. Rxf7 $6 Qxf3 39. Nxf3 Nd5 $11 )Qd5 39. Nxf7 {Hoping for Rh8+.
} ({But not} 39. Rxf7 $6 Rb7 $14 )Nd7 40. Rd8 {Ne5! is the strong threat.
} Rb8 41. Rxb8 $1 Nxb8 42. Qb1+ $1 { Double Attack} Qf5 43. Qb7 {
Black must now prevent Nd8.} ({Much weaker is} 43. Qxb8 $6 Qxf7 44. Qa8 Kg6 $11 )Nc6 {[#]} 44. Nd6 $1 {} ({Much worse is} 44. Qxc6 $6 Qxf7 45. Qa4 Kg6 $11 )Qc5 45. Ne4 Qc2 $2 {} (45... Qxe3 $16 46. Qxc6 Qxf4+ 47. Ng3 a5 48. Qxe6 h5 49. Qe4+ Qxe4 50. Nxe4 h4 )46. Nf6+ $1 $18 Kg6 47. Ne8 Qc3 48. e4 a5 49. Qd7 a4 50. Qxe6+ Kh7 {[#]} 51. e5 (51. Qf7 $142 $1 {e5 would kill now.} Nd8 52. Qd7 { Double Attack} )Nd4 {[#]} (51... Nxe5 $18 52. fxe5 Qc5 )52. Qd7 $1 {} Kg6 53. Qxg7+ {White mates.} Kf5 54. Nd6+ Kxf4 55. Qf6+ Ke3 56. e6 Kd3 57. e7 {Accuracy:
White = 71%, Black = 49%.} 1-0

[Event "7th Sinquefield Cup GCT 2019"]
[White "Anand, Viswanathan"]
[Black "Mamedyarov, Shakhriyar"]
[Site "Saint Louis"]
[Round "9.2"]
[Annotator "TA"]
[Result "1/2-1/2"]
[Date "2019.08.26"]
[WhiteElo "2756"]
[BlackElo "2764"]
[PlyCount "93"]

1. e4 {} e5 2. Nf3 Nc6 3. Bc4 Bc5 4. c3 Nf6 5. d3 d6 6. 0-0 h6 7. Re1 0-0 {C54: Giuoco Piano: 4 c3 Nf6, main lines with 5 d4 and 5 d3} 8. Nbd2 Ne7 9. d4 (9. h3 Ng6 10. Nf1 c6 11. d4 exd4 12. cxd4 Bb4 13. Bd2 Bxd2 14. N1xd2 d5 15. Bb3 dxe4 16. Nxe4 Nxe4 17. Rxe4 {1/2-1/2 (31) Anand,V (2764)
-Mamedyarov,S (2765) Paris 2019} )Bb6 10. a4 $146 {aiming for a5.} ({
Predecessor:} 10. Bb3 exd4 11. cxd4 Ba5 12. Bc2 Bg4 13. a3 Nc6 {1/2-1/2 (41)
Predke,A (2535)-Dubov,D (2644) Sochi 2016} )c6 11. dxe5 Ng4 12. Rf1 $36 {
 White has the initiative.} Nxe5 13. Nxe5 dxe5 14. Qh5 Qd6 15. Nf3 Bc7 16. Nh4 b5 17. axb5 cxb5 18. Bxb5 Bb7 {[#]} (18... Rb8 $16 {is a better
defense.} )19. Qe2 (19. Rd1 $1 $18 {} Qf6 20. Rd7 )Bb6 20. Ba6 Bc6 21. Nf3 {} f5 22. Bd3 Rae8 23. exf5 ({
Better is} 23. Nd2 )Nxf5 $16 24. Be4 Kh8 {With the idea ...Nd4.} 25. Nd2 Qe6 26. Kh1 Bd7 27. Bd3 (27. c4 $16 )e4 28. Nxe4 Bc6 {Hoping for ...Qg6.} 29. f3 Qe5 ({Black should play} 29... Qf7 $14 )30. Bd2 Bc7 { [#]} 31. g3 $1 {Threatens to win with Bf4.} Bxe4 32. Qxe4 ({Weaker is} 32. fxe4 Nxg3+ 33. hxg3 Qxg3 $17 )Qd6 33. Bf4 Qd7 34. Qb7 Qxd3 35. Qxc7 Re2 {Black wants to play ...Qc2.} 36. Qc5 Rfe8 37. Rf2 a5 (37... Kg8 $11 )38. Raf1 $1 $14 Rxb2 39. Kg2 Ree2 40. Qxa5 Kh7 41. h4 ({White should try} 41. Qc5 $16 )Ne3+ $11 {The position is equal.} 42. Bxe3 $1 Qxe3 43. Qf5+ Kh8 {
} 44. Qf8+ Kh7 {} 45. Qf5+ Kh8 {} 46. Qf8+ Kh7 47. Qf5+ {Accuracy: White = 61%, Black = 54%.} 1/2-1/2

[Event "7th Sinquefield Cup GCT 2019"]
[White "So, Wesley"]
[Black "Nepomniachtchi, Ian"]
[Site "Saint Louis"]
[Round "9.3"]
[Annotator "TA"]
[Result "0-1"]
[Date "2019.08.26"]
[WhiteElo "2776"]
[BlackElo "2774"]
[PlyCount "150"]

1. Nf3 {} c5 2. c4 Nc6 3. Nc3 g6 4. e3 Nf6 5. d4 cxd4 6. exd4 d5 7. cxd5 Nxd5 8. Qb3 e6 9. Bb5 Bg7 10. 0-0 {A35: Symmetrical English: 2 Nc3 Nc6 3 Nf3} 0-0 11. Bxc6 bxc6 12. Na4 $146 {The position is equal.} (12. Re1 Qc7 13. h3 Rb8 14. Qd1 Rd8 15. Ne4 h6 16. Bd2 Kh7 17. Rb1 Rb5 {1-0 (78) Cheparinov,I (2709)-Alekseev,E 
(2639) St Petersburg 2018} )Qd6 13. Re1 Rb8 14. Qd1 Ne7 15. b3 Nf5 {
} 16. Bb2 Rd8 {} 17. Qc2 Nxd4 ({Reject} 17... Bxd4 18. Rad1 $16 )18. Bxd4 Bxd4 19. Nxd4 Qxd4 20. Rad1 Qf6 21. Rxd8+ (21. h3 {looks
sharper.} Rb4 22. Qxc6 Bb7 23. Qc3 Rbd4 24. Rxd4 Qxd4 25. Qxd4 Rxd4 26. Rc1 )Qxd8 22. Rd1 Qe8 23. h3 e5 24. Qc5 a6 (24... Rb7 $11 )25. Qa5 Kg7 26. Rd8 (26. Nc3 $14 )Qe7 $11 27. Nb6 Qxd8 28. Qxe5+ Qf6 29. Qxb8 Be6 30. Qg3 h5 31. Na4 Qa1+ 32. Kh2 Qxa2 33. Nc5 Qe2 34. Qc3+ Kg8 35. Qd4 Bd5 36. Nd7 Qe6 37. Nf6+ Kf8 38. b4 $1 Qd6+ 39. Kg1 Ke7 40. Ng8+ Ke6 41. Qf6+ Kd7 42. Qd4 Qb8 43. Nf6+ { Double Attack} Ke6 {...Qe5 is the strong threat.} 44. Ne4 {
Black must now prevent Qf6+.} Bxe4 (44... Qf4 {with more complications.} 45. Nc5+ Kf5 46. Qd3+ Kf6 47. Qc3+ Ke7 )45. Qxe4+ { Endgame KQ-KQ} Kd7 46. Qc4 Qe8 47. Qd4+ Kc8 48. Qb6 Qe1+ 49. Kh2 Qe5+ 50. g3 Qb5 51. Qa7 Qb7 52. Qc5 {With the idea Qf8+.} Qc7 53. h4 Kb7 54. Qf8 Qd7 (54... a5 $1 $15 55. bxa5 c5 )55. Kg1 Qd5 56. Kh2 Kc7 57. Kg1 Kd7 58. Kh2 Qc4 59. Kg1 Qe6 60. Qc5 Qe2 61. Qd4+ Ke6 62. Qc5 Qb5 63. Qe3+ Kf6 64. Qc3+ Ke7 65. Qd4 Ke6 66. Qe3+ Kd7 67. Qa7+ Ke8 68. Qd4 (68. Qe3+ $11 {keeps the balance.} Kf8 69. Qc3 )Qd5 ({
Black should play} 68... a5 $1 $17 {} 69. Qe3+ Kf8 70. bxa5 Qxa5 )69. Qb6 Qc4 70. Qb8+ Ke7 71. Qe5+ Kd7 72. Qb8 Ke6 73. Qe8+ Kf5 74. Qe7 Qd5 75. Qe2 {[#]} Qb3 {Played: Qd5-b5} 0-1

[Event "7th Sinquefield Cup GCT 2019"]
[White "Giri, Anish"]
[Black "Karjakin, Sergey"]
[Site "Saint Louis"]
[Round "9.4"]
[Annotator "TA"]
[Result "1/2-1/2"]
[Date "2019.08.26"]
[WhiteElo "2779"]
[BlackElo "2750"]
[PlyCount "88"]

1. c4 {} Nf6 2. Nc3 e5 3. Nf3 Nc6 4. g3 Bb4 5. Bg2 0-0 6. Nd5 Bc5 {
A29: English Opening: Four Knights Variation with 4 g3} 7. b4 (7. 0-0 d6 8. e3 Bg4 9. h3 Bh5 10. d3 a5 11. Nc3 h6 12. b3 Re8 13. Bb2 Qd7 14. a3 Ba7 15. Kh2 Nd8 16. Ne2 Bxf3 17. Bxf3 {1/2-1/2 (123) Inarkiev,E (2693)-Efimenko,Z (2636)
Antalya 2017} )Nxb4 $146 ({Predecessor:} 7... Nxd5 8. bxc5 Ndb4 9. d3 Qe7 10. Rb1 e4 11. dxe4 Qxe4 12. Bf4 Qxc4 13. 0-0 Nxa2 14. Rb2 {1-0 (24) Toby,
A-Gutsche,K Dieren 1982} )8. Nxb4 Bxb4 {White has an edge.} 9. Nxe5 d5 10. cxd5 Nxd5 11. 0-0 Be6 12. Rb1 a5 (12... Bd6 $11 {remains equal.} 13. Nc4 Rb8 )13. a3 $16 Bd6 14. Nf3 Nb6 15. Qc2 Re8 16. h4 h6 17. Nd4 Bc8 18. Nf5 Bf8 ({But not} 18... Rxe2 19. Ne3 $16 )19. e4 Be6 20. d4 a4 21. d5 Bxf5 $1 22. exf5 Bd6 23. Bf3 Ra7 24. Kg2 Nd7 25. Rd1 Qe7 26. Rd4 Rea8 27. Re4 Qf8 28. Qc3 Re8 29. Rxe8 Qxe8 30. Bb2 { [#]} Qf8 31. Re1 {aiming for Re8!} Ra8 32. Bd1 ({White should try} 32. Qd3 $14 )Nf6 $11 33. Qc4 b5 (33... Bxa3 $11 34. Bxf6 gxf6 )34. Qxb5 $14 {Qc6 is the strong threat.} Rb8 35. Qe2 $36 {
 Black is under pressure.} Re8 36. Qd2 Rxe1 37. Qxe1 Bxa3 38. Bxf6 $1 gxf6 39. Bxa4 Qe7 40. Qxe7 (40. Qe3 {looks sharper.} Qxe3 41. fxe3 Kf8 42. e4 Ke7 43. Kf3 )Bxe7 41. Bb3 Bc5 42. Ba4 Be7 $1 43. Bb3 Bc5 $1 44. Ba4 Be7 $1 {Accuracy: White = 55%, Black = 56%.} 1/2-1/2

[Event "7th Sinquefield Cup GCT 2019"]
[White "Aronian, Levon"]
[Black "Carlsen, Magnus"]
[Site "Saint Louis"]
[Round "9.5"]
[Annotator "TA"]
[Result "1/2-1/2"]
[Date "2019.08.26"]
[WhiteElo "2765"]
[BlackElo "2882"]
[PlyCount "81"]

1. e4 {} c5 2. Nf3 Nc6 3. Bb5 g6 4. c3 Nf6 5. Qe2 Bg7 6. 0-0 0-0 7. d4 cxd4 8. cxd4 d6 {B31: Sicilian: 2...Nc6 3 Bb5 g6} 9. h3 Nd7 $146 ({Predecessor:} 9... a6 10. Bxc6 bxc6 11. Nc3 a5 12. Re1 Nd7 13. Bg5 h6 14. Be3 Kh7 15. Rac1 Ba6 16. Qd2 c5 17. dxc5 Nxc5 18. Red1 Nd3 19. Rb1 {
1/2-1/2 (47) Kantans,T (2478)-Mamedov,R (2709) chess.com INT 2018} )10. Rd1 a6 11. Bxc6 bxc6 12. Be3 a5 13. Qc2 c5 14. Nc3 cxd4 15. Bxd4 Bb7 16. Bxg7 Kxg7 17. Nd4 Rc8 18. Qd2 Re8 19. Qe3 Qb6 20. e5 ({White should try} 20. Na4 $11 Qa6 21. Rac1 )dxe5 $15 21. Nb3 $1 Nc5 ({Black should play} 21... Qxe3 $17 22. fxe3 Nc5 23. Nxa5 Ba6 )22. Qxe5+ $11 {The position is equal.} Kg8 23. Qe3 Qc6 {
 [#]} 24. Nd5 {Black must now prevent Rac1.} Nxb3 25. axb3 Qc5 26. Rac1 (26. Qe5 {is interesting.} Bxd5 27. Rxd5 Qb6 28. Rb5 Qf6 29. Rbxa5 Rb8 30. Re1 )Qxe3 27. Nxe3 Rxc1 28. Rxc1 { Endgame
KRB-KRN} Rb8 29. Rc5 {[#] Threatens to win with Rb5.} Bc8 30. Nd5 Be6 31. Nxe7+ Kf8 32. Nc6 Rxb3 33. Nd4 Rxb2 34. Nxe6+ fxe6 35. Rxa5 {KR-KR} h5 36. Ra6 Kf7 37. Ra5 $1 Rb1+ 38. Kh2 Rb2 39. Kg1 Rb1+ 40. Kh2 Rb2 41. Kg1 {Accuracy: White
= 58%, Black = 70%.} 1/2-1/2

[Event "7th Sinquefield Cup GCT 2019"]
[White "Vachier-Lagrave, Maxime"]
[Black "Nakamura, Hikaru"]
[Site "Saint Louis"]
[Round "9.6"]
[Annotator "TA"]
[Result "1/2-1/2"]
[Date "2019.08.26"]
[WhiteElo "2778"]
[BlackElo "2743"]
[PlyCount "117"]

1. e4 {} c6 2. Nf3 d5 3. Nc3 Nf6 4. e5 Ne4 5. Ne2 Qb6 {} 6. d4 {B11: Caro-Kann: Two Knights
Variation} e6 7. Ng3 c5 8. Bd3 Nxg3 $1 9. fxg3 (9. hxg3 cxd4 10. Ng5 Nc6 11. Nxh7 Bd7 12. Qe2 0-0-0 13. 0-0 {0-1 (30) Mamedov,R (2703)-Piorun,K (2634) St
Petersburg 2018} )cxd4 10. 0-0 Nc6 11. Qe2 {Black should prevent Ng5.} h6 12. a3 Bd7 $146 ({Predecessor:} 12... a6 13. b4 {0-1 (66) Patel,A (2478)
-Khamrakulov,D (2496) Saint Louis 2018} )13. g4 Be7 14. b4 a6 15. Rb1 Na7 16. Bb2 Nb5 17. Qf2 {Hoping for a4.} Qc7 18. Nxd4 0-0 19. Ne2 f6 {[#]} (19... Na7 $11 )20. Qe3 (20. Qh4 $1 $16 {} Qd8 21. Qh5 )fxe5 $1 $11 21. Bxe5 Bd6 22. Bxd6 Nxd6 23. g5 Nf5 24. Bxf5 exf5 25. gxh6 Rae8 26. Qd2 Qb6+ 27. Nd4 (27. Rf2 {is more complex.} Qxh6 28. Qxd5+ Qe6 29. Qd2 Ba4 30. Nd4 )Qxh6 28. Qxh6 gxh6 29. Rf3 Re4 30. c3 Kg7 31. h3 h5 32. Rbf1 {} Kg6 33. g3 Rc8 34. Kh2 b6 35. h4 {} f4 36. gxf4 Bg4 37. Rd3 Kf6 38. Rf2 Re7 39. Nf3 Bf5 40. Rxd5 {Black must now prevent Nd4.} Rxc3 41. Ng5 Rc6 42. a4 {b5 is the strong threat.} Rec7 43. b5 axb5 {The position is equal.} 44. axb5 Rc2 45. Kg2 {With the idea Rd6+.} Rxf2+ 46. Kxf2 { Endgame aiming
for Rd6+. KRB-KRN} Rc2+ 47. Ke3 Rc3+ 48. Kd2 Rc2+ 49. Kd1 {And now Rxf5+!
would win.} Rc4 50. Rd6+ Ke7 51. Rxb6 Rxf4 52. Rb7+ Bd7 53. Kd2 Rxh4 54. Ke3 Rb4 55. Ne4 Rxb5 56. Rxb5 Bxb5 57. Ng3 h4 58. Nf5+ { [#] Double Attack
} Kf6 59. Nxh4 {Accuracy: White = 54%, Black = 66%.} 1/2-1/2